000 00384nam a2200145Ia 4500
008 240624s9999 xx 000 0 und d
041 _aeng
082 _a658.473 WEL
100 _aWELLS JOSEPH T
245 _aCORPORATE FRAUD HANDBOOK PREVENTION AND
250 _a(2nd ed.)
260 _c2007
_aNew York
_bJohn Wiley & Sons
300 _axiii, : 442 : p. : cm. ; 26
365 _c
_b27
999 _c20779
_d20779